• 首页
  • 本馆介绍
  • 公告通知
  • 最新文献
  • 馆藏检索
  • 电子资源
  • 读者导购
  • 参考咨询
  • 我的图书馆
  • 登录
  • 详细信息显示
  • 放入我的书架
  • 预约/预借图书
  • 作者相关作品
  • 分类相关作品
  • 丛书相关作品
  • 出版社相关作品

书目信息

  • 表格格式
  • 工作单格式
  • 卡片格式
题名:
自行车维修养护宝典
    
 
作者: 多纳 著 ;张一鸣 译
分册:  
出版信息: 北京   中国轻工业出版社  2015
页数: 151页
开本: 24cm
丛书名:
单 册:
中图分类: U484.07
科图分类:
主题词: 自行车--维修
电子资源:
ISBN: 978-7-5184-0574-9
000 01022nam0 2200253 450
001 3310
005 20160926093144.98
010    @a978-7-5184-0574-9@b平装@dCNY49.80
100    @a20151110d2015 em y0chiy50 ea
101 1  @achi@ceng
102    @aCN@b110000
105    @aa z 000yy
200 1  @a自行车维修养护宝典@9zi xing che wei xiu yang hu bao dian@dBike reparatur & wartung@e初级版@zeng@f(德)约亨·多纳著@g张一鸣译
210    @a北京@c中国轻工业出版社@d2015
215    @a151页@c图,照片@d24cm
300    @a附光盘
330    @a本书系统地讲解了自行车各个零部件的维修与养护知识,维修方法涵盖了各种自行车车型,对一些科技含量较高的前叉、碟刹、花鼓、中轴、车把等的维修保养都进行了详细解说,而且每一个步骤都有相应的图片配合展示,并提示了维修养护中一些容易忽略的要点。
510 1  @aBike reparatur & wartung@zeng
606 0  @a自行车@x维修
690    @aU484.07@v5
701  0 @a多纳@9duo na@c(德)@4著
702  0 @a张一鸣@9zhang yi ming@4译
801  0 @aCN@b唐山师范学院图书馆@c20151001
905    @aZUCC@dU484.07@e327
    
    自行车维修养护宝典=Bike reparatur & wartung:初级版/(德)约亨·多纳著/张一鸣译.-北京:中国轻工业出版社,2015
    151页:图,照片;24cm
    附光盘
    
    ISBN 978-7-5184-0574-9(平装):CNY49.80
    本书系统地讲解了自行车各个零部件的维修与养护知识,维修方法涵盖了各种自行车车型,对一些科技含量较高的前叉、碟刹、花鼓、中轴、车把等的维修保养都进行了详细解说,而且每一个步骤都有相应的图片配合展示,并提示了维修养护中一些容易忽略的要点。
●
相关链接 在E读中查询图书 在五车中查询图书 在当当中查询图书 在豆瓣中查询图书


正题名:自行车维修养护宝典     索取号:U484.07/327         预约/预借

序号 登录号 条形码 馆藏地/架位号 状态 备注
1 904533   209045335   第二样本阅览室/ [索取号:U484.07/327] 在馆    
2 904534   209045344   第三借阅区/ [索取号:U484.07/327] 在馆    
3 904535   209045353   密集书库-物理学院/ [索取号:U484.07/327] 在馆    
4 904536   209045362   第三借阅区/ [索取号:U484.07/327] 在馆    
5 904537   209045371   第三借阅区/ [索取号:U484.07/327] 在馆    
唐山师范学院图书馆 欢迎您!
大连网信软件有限公司© 版权所有